| 000 | 00484nam a22001577a 4500 | ||
|---|---|---|---|
| 003 | OSt | ||
| 082 |
_a631.3 _bKAL/DE |
||
| 088 | _aT 595 | ||
| 100 |
_aKALYAN CHAKRAVARTHI N L _95518 |
||
| 245 | _aDevelopment and Performance Evaluation of a Tractor Operated Tapioca Harvester | ||
| 260 |
_aTavanur _bDepartment of Farm Machinery and Power Engineering _c2023 |
||
| 300 | _a143 | ||
| 700 | _aJayan P R | ||
| 856 | _uhttp://14.139.181.140:8080//jspui/handle/123456789/1829 | ||
| 942 | _cTH | ||
| 999 |
_c17734 _d17734 |
||